<?xml version='1.0' encoding='UTF-8'?>
  <record xmlns="http://www.loc.gov/MARC21/slim">
    <leader>00000cam a22000007  4500</leader>
    <controlfield tag="001">ocm22536164</controlfield>
    <controlfield tag="003">OCoLC</controlfield>
    <controlfield tag="005">20240202180208.2</controlfield>
    <controlfield tag="008">901019s1873    io            000 0 dut d</controlfield>
    <datafield tag="040" ind1=" " ind2=" ">
      <subfield code="a">CLU</subfield>
      <subfield code="b">eng</subfield>
      <subfield code="c">CLU</subfield>
      <subfield code="d">NLGGC</subfield>
      <subfield code="d">OCLCG</subfield>
      <subfield code="d">SINLB</subfield>
      <subfield code="d">OCLCO</subfield>
      <subfield code="d">OCLCQ</subfield>
      <subfield code="d">OCLCF</subfield>
      <subfield code="d">OCLCQ</subfield>
      <subfield code="d">L2U</subfield>
      <subfield code="d">OCLCQ</subfield>
      <subfield code="d">OCLCO</subfield>
      <subfield code="d">OCLCL</subfield>
    </datafield>
    <datafield tag="029" ind1="1" ind2=" ">
      <subfield code="a">AU@</subfield>
      <subfield code="b">000049514017</subfield>
    </datafield>
    <datafield tag="029" ind1="1" ind2=" ">
      <subfield code="a">NLGGC</subfield>
      <subfield code="b">059071753</subfield>
    </datafield>
    <datafield tag="035" ind1=" " ind2=" ">
      <subfield code="a">(OCoLC)22536164</subfield>
    </datafield>
    <datafield tag="050" ind1=" " ind2="4">
      <subfield code="a">PL5452</subfield>
      <subfield code="b">.C77h</subfield>
    </datafield>
    <datafield tag="082" ind1="0" ind2="4">
      <subfield code="a">499.274</subfield>
      <subfield code="2">18</subfield>
    </datafield>
    <datafield tag="084" ind1=" " ind2=" ">
      <subfield code="a">18.93</subfield>
      <subfield code="2">bcl</subfield>
    </datafield>
    <datafield tag="100" ind1="1" ind2=" ">
      <subfield code="a">Coolsma, S.,</subfield>
      <subfield code="d">1840-1926.</subfield>
      <subfield code="1">https://id.oclc.org/worldcat/entity/E39PBJdCtqjpTfTybdvC3dtFrq</subfield>
    </datafield>
    <datafield tag="245" ind1="1" ind2="0">
      <subfield code="a">Handleiding bij de beoefening der soendaneesche taal</subfield>
      <subfield code="c">door S. Coolsma.</subfield>
    </datafield>
    <datafield tag="260" ind1=" " ind2=" ">
      <subfield code="a">Batavia,</subfield>
      <subfield code="b">H.M. van Dorp,</subfield>
      <subfield code="c">1873.</subfield>
    </datafield>
    <datafield tag="300" ind1=" " ind2=" ">
      <subfield code="a">114 pages</subfield>
    </datafield>
    <datafield tag="336" ind1=" " ind2=" ">
      <subfield code="a">text</subfield>
      <subfield code="b">txt</subfield>
      <subfield code="2">rdacontent</subfield>
    </datafield>
    <datafield tag="337" ind1=" " ind2=" ">
      <subfield code="a">unmediated</subfield>
      <subfield code="b">n</subfield>
      <subfield code="2">rdamedia</subfield>
    </datafield>
    <datafield tag="338" ind1=" " ind2=" ">
      <subfield code="a">volume</subfield>
      <subfield code="b">nc</subfield>
      <subfield code="2">rdacarrier</subfield>
    </datafield>
    <datafield tag="650" ind1=" " ind2="0">
      <subfield code="a">Sundanese language</subfield>
      <subfield code="x">Grammar.</subfield>
    </datafield>
    <datafield tag="650" ind1=" " ind2="6">
      <subfield code="a">Soundanais (Langue)</subfield>
      <subfield code="x">Grammaire.</subfield>
    </datafield>
    <datafield tag="650" ind1=" " ind2="7">
      <subfield code="a">18.93 Austronesian languages.</subfield>
      <subfield code="0">(NL-LeOCL)169931781</subfield>
      <subfield code="2">bcl</subfield>
    </datafield>
    <datafield tag="650" ind1=" " ind2="7">
      <subfield code="a">Sundanese language</subfield>
      <subfield code="x">Grammar.</subfield>
      <subfield code="2">fast</subfield>
      <subfield code="0">(OCoLC)fst01138602</subfield>
    </datafield>
    <datafield tag="650" ind1="1" ind2="7">
      <subfield code="a">Sundanees.</subfield>
      <subfield code="2">gtt</subfield>
    </datafield>
    <datafield tag="655" ind1=" " ind2="7">
      <subfield code="a">Educational tools (form)</subfield>
      <subfield code="0">(NL-LeOCL)088143767</subfield>
      <subfield code="2">gtt</subfield>
    </datafield>
    <datafield tag="758" ind1=" " ind2=" ">
      <subfield code="i">has work:</subfield>
      <subfield code="a">Handleiding bij de beoefening der soendaneesche taal (Text)</subfield>
      <subfield code="1">https://id.oclc.org/worldcat/entity/E39PCGkkGwGj4rGQYXhyr3WXr3</subfield>
      <subfield code="4">https://id.oclc.org/worldcat/ontology/hasWork</subfield>
    </datafield>
    <datafield tag="776" ind1="0" ind2="8">
      <subfield code="i">Online version:</subfield>
      <subfield code="a">Coolsma, S., 1840-1926.</subfield>
      <subfield code="t">Handleiding bij de beoefening der soendaneesche taal.</subfield>
      <subfield code="d">Batavia, H.M. van Dorp, 1873</subfield>
      <subfield code="w">(OCoLC)652414942</subfield>
    </datafield>
  </record>